00950 2200313 4500001002100000005001500021035002000036007000300056008004100059040001700100100003400117245011200151250001000263300003300273041000800306082000800314084001400322090001600336260006100352264004000413264004100453336002100494337003000515338002300545650001400568850001000582990002200592990002200614INLIS00000000000436220260527125303 a0010-1121000129ta260527 0  aSBPUPADbInd0 aGanesha Operation,ePengarang1 aRevolusi Belajar :bKumpulan Rumus Lengkap dari Pelajaran Kelas VII, VIII, dan IX SMP /cGanesha Operation, aCet.1 ax, 246 hlm. :bIlus ;c20 cm0 aInd a372 a372 GAN r a372.7 ABD m a--Jakarta :bKementrian Pendidikan dan Kebudayaan,c2016 aJakarta :bGanesha Operation,c2014 aBandung :bganesha operation;,c2014 2rdacontentaTeks 2rdamediaaTanpa Perantara 2rdacarrieraVolume 4aPelajaran aPUPAD a35.231/S/DPK/2021 a35.231/S/DPK/2021